000 01312nam a22002777a 4500
001 000401
003 DO-SdBNP
005 20220627115956.0
007 000401
008 160805b2000 sp a 00| 0 spa d
020 _a8495203065
040 _aBPMSU
_bspa
_cBPMSU
082 _aR663.2
_bP35g 2001
_222
100 1 _aPeñín, José,
245 1 0 _aGuía Peñín de los vinos de España 2001 /
_cJosé Peñín.
260 _aMadrid :
_bPi & Erre Comunicación Integral,
_c[2000].
300 _a905 p. :
_bil. ;
_c22 cm.
500 _aLa guía del vino Español más completa con casi 8.000 marcas y más de 3.700 vinos puntuados con absoluta independencia. Manual del catador: todo lo que debe saber para conocer y catar los vinos. Todas las denominaciones de origen españolas. Etiquetas a todo color.
500 _aIncluye datos biográficos del autor en la solapa de la contracubierta.
500 _aLa guía del vino Español más completa 8.000 marcas reseñadas y 3.800 vinos puntuados con absoluta independencia. Se califican desde los mejores hasta los no recomendables. Manual del catador. Como hacerse una bodega en casa.
650 4 _aVinos
_vDirectorios
_xMarcas
_zEspaña
650 4 _aIndustria del vino
_vDirectorios.
_zEspaña
651 _a
910 _aVMateo V.
942 _2ddc
_cBK
999 _c11093
_d11093